Ελευθερία ή θάνατος : δέκα επτά ξυλογραφίες του Α. Τάσσου
Αποθηκεύτηκε σε:
| Κύριος συγγραφέας: | |
|---|---|
| Μορφή: | Βιβλίο |
| Γλώσσα: | Greek |
| Δημοσίευση: |
[Αθήνα] :
Ίκαρος,
1971
|
| Θέματα: | |
| Ετικέτες: |
Προσθήκη ετικέτας
Δεν υπάρχουν, Καταχωρήστε ετικέτα πρώτοι!
|
MARC
| LEADER | 00000cam a2200000 i 4500 | ||
|---|---|---|---|
| 001 | 1/69829 | ||
| 008 | 050121s1971 gre d | ||
| 035 | |l 10076050 | ||
| 040 | |a GR-MY-UA |b gre |e aacr | ||
| 041 | 0 | |a gre | |
| 082 | 0 | |a 938.5 |2 (21) | |
| 100 | 1 | |a Τάσσος, Α., |d 1914-1985. | |
| 245 | 1 | 0 | |a Ελευθερία ή θάνατος : |b δέκα επτά ξυλογραφίες του Α. Τάσσου |
| 246 | 3 | 3 | |a 1821-1971 Ελευθερία ή Θάνατος |
| 260 | |a [Αθήνα] : |b Ίκαρος, |c 1971 | ||
| 300 | |a [80]σ.; |b εικ.; |c 30 εκ. | ||
| 650 | 0 | 0 | |a Wood-engraving |x 20th century |z Greece. |
| 650 | 0 | 0 | |a Wood-engraving |x Themes, motives. |
| 651 | 0 | |a Greece |x History |y War of Independence, 1821-1829. | |
| 852 | |a INST |b SAMOS |e 20050121 |h 938.5 ΤΑΣ |p 005300022949 |q 005300022949 |t BK |y 0 | ||
| 901 | |a BIBL3-2005-1 | ||
| 909 | |a Σ |b 113922 | ||
| 970 | |a Κοσιέρης |b Χρήστος |z 2005/01/21 | ||